Toman's tuberculosis : case detection, treatment, and monitoring : questions and answers /
Saved in:
| Main Author: | |
|---|---|
| Corporate Author: | |
| Other Authors: | |
| Format: | Book |
| Language: | English |
| Published: |
Geneva :
World Health Organization,
2004.
|
| Edition: | 2nd ed. |
| Subjects: | |
| Online Access: | Connect to free full text online. |
| Tags: |
Add Tag
No Tags, Be the first to tag this record!
|
| LEADER | 01693cam a2200409Ia 4500 | ||
|---|---|---|---|
| 001 | 002008 | ||
| 005 | 20220906184653.0 | ||
| 008 | 040714s2004 sz a b i000 0 eng d | ||
| 020 | |a 9241546034 | ||
| 035 | |a (OCoLC)ocm55970970 | ||
| 035 | |a (NNC)4799527 | ||
| 040 | |a EQO |c EQO |d COU | ||
| 060 | |a WF 360 | ||
| 100 | 1 | |a Toman, K. |9 59 | |
| 245 | 1 | 0 | |a Toman's tuberculosis : |b case detection, treatment, and monitoring : questions and answers / |c edited by T. Frieden. |
| 246 | 3 | 0 | |a Tuberculosis |
| 250 | |a 2nd ed. | ||
| 260 | |a Geneva : |b World Health Organization, |c 2004. | ||
| 300 | |a xviii, 332 p. : |b ill. ; |c 24 cm. | ||
| 500 | |a Previous edition: Tuberculosis case-finding and chemotherapy : questions and answers / K. Toman. 1979. | ||
| 504 | |a Includes bibliographical references. | ||
| 530 | |a Also available via the World Wide Web. | ||
| 650 | 0 | |a Tuberculosis |x Diagnosis. |9 60 | |
| 650 | 0 | |a Tuberculosis |x Chemotherapy. |9 61 | |
| 650 | 0 | |a Antitubercular agents. |9 62 | |
| 650 | 1 | 2 | |a Tuberculosis, Pulmonary |x diagnosis. |9 63 |
| 650 | 1 | 2 | |a Tuberculosis, Pulmonary |x drug therapy. |9 64 |
| 650 | 2 | 2 | |a Tuberculosis, Multidrug-Resistant. |9 65 |
| 650 | 2 | 2 | |a Antitubercular Agents |x pharmacology. |9 66 |
| 700 | 1 | |a Frieden, Tom. |9 67 | |
| 710 | 2 | |a World Health Organization. |9 68 | |
| 740 | 0 | |a Tuberculosis case-finding and chemotherapy. | |
| 856 | 4 | 1 | |u http://whqlibdoc.who.int/publications/2004/9241546034.pdf |z Connect to free full text online. |y Connect to free full text online. |
| 900 | |a AUTH | ||
| 942 | |2 NLM |c WHO | ||
| 952 | |0 0 |1 0 |2 NLM |4 0 |6 WF_360_000000000000000_WHO_2004 |7 0 |9 2473 |a NHRC |b NHRC |d 2016-09-04 |l 0 |o WF 360/WHO/2004 |p 002008 |r 2016-09-04 |w 2016-09-04 |y WHO | ||
| 999 | |c 2368 |d 2368 | ||